000 00681nam a2200289Ia 4500
005 20260324135921.0
008 008 260324s9999 xx 000 0 eng d
020 _a9781351307727
037 _aEBOOK
040 _aCRL
040 _beng
040 _cCRL
041 _2eng
041 _aeng
084 _qCRL
100 _aGustav Le Bon
_91202415
245 0 _aPsychology of the Great War
245 4 _bThe First World War and Its Origins
260 _bTaylor and Francis
260 _c1999
365 _a
365 _b230
856 _uhttp://www.taylorfrancis.com/books/9781351307727
942 _cEBOOK
999 _c1803964
_d1803964